[Event "Королевский Гамбит. Южный Федеральный округ."]
[Date "2025-11-21"]
[Round "6.4"]
[Board "4"]
[White "Григорян Милена"]
[WhiteElo "954"]
[Black "Лебедева Полина"]
[BlackElo "989"]
[WebSite "https://www.chessopen.ru"]
[GameId "e6ff03b6-c9be-4161-861e-4b266f400ac0"]
[Result "0-1"]

1. e4 { [%clk 0:10:00] } e5 { [%clk 0:09:59] } 2. d4 { [%clk 0:10:02] } Nf6 {
[%clk 0:09:53] } 3. Bc4 { [%clk 0:10:02] } Bb4+ { [%clk 0:09:43] } 4. Kf1 {
[%clk 0:09:57] } O-O { [%clk 0:09:41] } 5. c3 { [%clk 0:09:58] } Ba5 { [%clk
0:09:38] } 6. Ke2 { [%clk 0:09:44] } exd4 { [%clk 0:09:36] } 7. Qxd4 { [%clk
0:09:38] } c5 { [%clk 0:09:30] } 8. Qxc5 { [%clk 0:09:37] } b6 { [%clk 0:09:16]
} 9. Qxc8 { [%clk 0:09:31] } Qxc8 { [%clk 0:09:11] } 10. b3 { [%clk 0:09:29] }
d6 { [%clk 0:09:01] } 11. Kf3 { [%clk 0:09:28] } d5 { [%clk 0:08:59] } 12. Kg3
{ [%clk 0:09:28] } dxc4 { [%clk 0:09:00] } 13. Kh4 { [%clk 0:09:28] } cxb3 {
[%clk 0:09:01] } 14. axb3 { [%clk 0:09:28] } Nxe4 { [%clk 0:08:59] } 15. Nd2 {
[%clk 0:09:23] } Nxd2 { [%clk 0:08:58] } 16. Bxd2 { [%clk 0:09:24] } Qd8+ {
[%clk 0:08:53] } 17. Bg5 { [%clk 0:09:20] } Qd3 { [%clk 0:08:47] } 18. Rxa5 {
[%clk 0:09:16] } bxa5 { [%clk 0:08:47] } 19. c4 { [%clk 0:09:15] } Qd2 { [%clk
0:08:47] } 20. Nf3 { [%clk 0:09:12] } Qxf2+ { [%clk 0:08:41] } 21. Kg4 { [%clk
0:09:07] } Qc5 { [%clk 0:08:36] } 22. Nd2 { [%clk 0:09:04] } Nd7 { [%clk
0:08:28] } 23. Nf3 { [%clk 0:09:03] } Qxc4+ { [%clk 0:08:28] } 24. Kh5 { [%clk
0:08:47] } Qxb3 { [%clk 0:08:27] } 25. Nd2 { [%clk 0:08:45] } Qb6 { [%clk
0:08:24] } 26. Nc4 { [%clk 0:08:45] } Qc6 { [%clk 0:08:15] } 27. Nxa5 { [%clk
0:08:45] } Qxg2 { [%clk 0:08:14] } 28. Nc4 { [%clk 0:08:43] } Qxh1 { [%clk
0:08:14] } 29. Ne3 { [%clk 0:08:44] } Qxh2+ { [%clk 0:08:16] } 30. Kg4 { [%clk
0:08:42] } Qa2 { [%clk 0:08:07] } 31. Nf5 { [%clk 0:08:39] } Rae8 { [%clk
0:08:07] } 32. Ne3 { [%clk 0:08:36] } Rxe3 { [%clk 0:08:06] } 33. Bxe3 { [%clk
0:08:34] } Re8 { [%clk 0:08:03] } 34. Bxa7 { [%clk 0:08:33] } Qxa7 { [%clk
0:08:03] } 35. Kf5 { [%clk 0:08:32] } Qa6 { [%clk 0:08:02] } 36. Kg4 { [%clk
0:08:33] } Re4+ { [%clk 0:08:03] } 37. Kh3 { [%clk 0:08:34] } Qa5 { [%clk
0:08:05] } 38. Kh2 { [%clk 0:08:35] } Qa3 { [%clk 0:08:05] } 39. Kh1 { [%clk
0:08:36] } Re3 { [%clk 0:08:06] } 40. Kh2 { [%clk 0:08:37] } Qa1 { [%clk
0:08:05] } 41. Kg2 { [%clk 0:08:37] } Qa2+ { [%clk 0:08:05] } 42. Kg1 { [%clk
0:08:34] } Re1# { [%clk 0:08:07] } 0-1

[Event "Королевский Гамбит. Южный Федеральный округ."]
[Date "2025-11-21"]
[Round "6.4"]
[Board "4"]
[White "Крутых Кира"]
[WhiteElo "1009"]
[Black "Погорелова Мирослава"]
[BlackElo "1027"]
[WebSite "https://www.chessopen.ru"]
[GameId "359b669e-9e4a-4e2f-b797-3c38389a8361"]
[Result "0-1"]

1. e4 { [%clk 0:05:56] } e5 { [%clk 0:09:13] } 2. Nf3 { [%clk 0:05:53] } Nf6 {
[%clk 0:09:15] } 3. Nc3 { [%clk 0:05:53] } Nc6 { [%clk 0:09:14] } 4. Bc4 {
[%clk 0:05:53] } Bc5 { [%clk 0:09:14] } 5. d3 { [%clk 0:05:54] } h6 { [%clk
0:09:13] } 6. h3 { [%clk 0:05:55] } O-O { [%clk 0:09:13] } 7. O-O { [%clk
0:05:55] } d6 { [%clk 0:09:12] } 8. Bd2 { [%clk 0:05:55] } Bd7 { [%clk 0:09:11]
} 9. Qc1 { [%clk 0:05:55] } Nh5 { [%clk 0:09:02] } 10. a3 { [%clk 0:05:50] }
Nd4 { [%clk 0:08:31] } 11. b4 { [%clk 0:05:49] } Bb6 { [%clk 0:08:31] } 12.
Nxd4 { [%clk 0:05:49] } Bxd4 { [%clk 0:08:30] } 13. Nb5 { [%clk 0:05:49] } Bb6
{ [%clk 0:08:26] } 14. Bxh6 { [%clk 0:05:41] } c5 { [%clk 0:08:22] } 15. Bxg7 {
[%clk 0:05:39] } Kxg7 { [%clk 0:08:20] } 16. bxc5 { [%clk 0:05:27] } Bxc5 {
[%clk 0:08:19] } 17. Qd1 { [%clk 0:05:15] } Nf4 { [%clk 0:08:19] } 18. Qg4+ {
[%clk 0:05:13] } Kf6 { [%clk 0:08:13] } 19. Qh4+ { [%clk 0:05:12] } Kg7 { [%clk
0:08:12] } 20. Qxd8 { [%clk 0:05:11] } Raxd8 { [%clk 0:08:12] } 21. Nc7 { [%clk
0:05:10] } Be6 { [%clk 0:07:59] } 22. Nxe6+ { [%clk 0:05:10] } fxe6 { [%clk
0:07:59] } 23. c3 { [%clk 0:05:08] } d5 { [%clk 0:07:59] } 24. exd5 { [%clk
0:05:08] } exd5 { [%clk 0:07:59] } 25. Bb3 { [%clk 0:05:08] } d4 { [%clk
0:08:00] } 26. cxd4 { [%clk 0:05:09] } exd4 { [%clk 0:08:01] } 27. a4 { [%clk
0:05:07] } Nxd3 { [%clk 0:08:00] } 28. Bc4 { [%clk 0:05:07] } Ne5 { [%clk
0:07:56] } 29. Be6 { [%clk 0:05:06] } d3 { [%clk 0:07:49] } 30. Rad1 { [%clk
0:04:59] } Nc4 { [%clk 0:07:44] } 31. Bxc4 { [%clk 0:04:57] } d2 { [%clk
0:07:42] } 32. a5 { [%clk 0:04:48] } b6 { [%clk 0:07:38] } 33. axb6 { [%clk
0:04:47] } axb6 { [%clk 0:07:38] } 34. Ra1 { [%clk 0:04:41] } d1=Q { [%clk
0:07:27] } 35. Rfxd1 { [%clk 0:04:39] } Bxf2+ { [%clk 0:07:22] } 36. Kf1 {
[%clk 0:04:39] } Rd2 { [%clk 0:07:20] } 37. Rxd2 { [%clk 0:04:37] } Be3+ {
[%clk 0:07:19] } 38. Ke2 { [%clk 0:04:36] } Bxd2 { [%clk 0:07:20] } 39. Kxd2 {
[%clk 0:04:37] } Rf2+ { [%clk 0:07:19] } 40. Ke3 { [%clk 0:04:36] } Rxg2 {
[%clk 0:07:17] } 41. Kf3 { [%clk 0:04:33] } Rc2 { [%clk 0:07:17] } 42. Bb3 {
[%clk 0:04:30] } Rc3+ { [%clk 0:07:17] } 43. Kg4 { [%clk 0:04:27] } Rxb3 {
[%clk 0:07:17] } 44. h4 { [%clk 0:04:28] } Rc3 { [%clk 0:07:05] } 45. Kg5 {
[%clk 0:04:21] } Rc5+ { [%clk 0:07:05] } 46. Kg4 { [%clk 0:04:21] } b5 { [%clk
0:07:04] } 47. Rh1 { [%clk 0:04:21] } Kg6 { [%clk 0:07:03] } 48. h5+ { [%clk
0:04:22] } Kh6 { [%clk 0:07:03] } 49. Kf4 { [%clk 0:04:19] } b4 { [%clk
0:07:00] } 50. Ke4 { [%clk 0:04:18] } Rb5 { [%clk 0:06:59] } 51. Kd4 { [%clk
0:04:19] } b3 { [%clk 0:07:00] } 52. Kc4 { [%clk 0:04:20] } Rb8 { [%clk
0:06:57] } 53. Kc5 { [%clk 0:04:20] } b2 { [%clk 0:06:58] } 54. Kd5 { [%clk
0:04:19] } b1=Q { [%clk 0:06:57] } 55. Rxb1 { [%clk 0:04:19] } Rxb1 { [%clk
0:06:42] } 0-1

[Event "Королевский Гамбит. Южный Федеральный округ."]
[Date "2025-11-21"]
[Round "6.4"]
[Board "4"]
[White "Курбанова Ангелина"]
[WhiteElo "1027"]
[Black "Корниенко Ева"]
[BlackElo "1020"]
[WebSite "https://www.chessopen.ru"]
[GameId "e1d2bb22-1104-4413-944c-cb88c832cab4"]
[Result "1-0"]

1. e4 { [%clk 0:10:01] } e5 { [%clk 0:10:01] } 2. Nf3 { [%clk 0:10:02] } Nf6 {
[%clk 0:10:01] } 3. Nc3 { [%clk 0:10:02] } Nc6 { [%clk 0:10:01] } 4. Bb5 {
[%clk 0:10:03] } a6 { [%clk 0:10:02] } 5. Bxc6 { [%clk 0:10:04] } dxc6 { [%clk
0:10:04] } 6. Nxe5 { [%clk 0:10:05] } Bd6 { [%clk 0:09:51] } 7. Nf3 { [%clk
0:10:05] } O-O { [%clk 0:09:51] } 8. e5 { [%clk 0:10:04] } Re8 { [%clk 0:09:31]
} 9. d4 { [%clk 0:09:58] } Bg4 { [%clk 0:09:16] } 10. O-O { [%clk 0:09:55] }
Bxf3 { [%clk 0:09:16] } 11. Qxf3 { [%clk 0:09:54] } Nd7 { [%clk 0:08:59] } 12.
exd6 { [%clk 0:09:53] } cxd6 { [%clk 0:08:59] } 13. Qg3 { [%clk 0:09:54] } Nb6
{ [%clk 0:08:55] } 14. Bh6 { [%clk 0:09:53] } g6 { [%clk 0:08:49] } 15. Bg5 {
[%clk 0:09:37] } Qd7 { [%clk 0:08:45] } 16. Bf6 { [%clk 0:09:35] } Qe6 { [%clk
0:08:42] } 17. Qh4 { [%clk 0:09:33] } Nc4 { [%clk 0:08:35] } 18. Rfe1 { [%clk
0:09:24] } Qd7 { [%clk 0:08:21] } 19. Rxe8+ { [%clk 0:09:22] } Rxe8 { [%clk
0:08:21] } 20. Qh6 { [%clk 0:09:23] } 1-0

[Event "Королевский Гамбит. Южный Федеральный округ."]
[Date "2025-11-21"]
[Round "6.4"]
[Board "4"]
[White "Плесовских Мирослава"]
[WhiteElo "989"]
[Black "Квачёва Дарья"]
[BlackElo "980"]
[WebSite "https://www.chessopen.ru"]
[GameId "0e32a57e-3633-4843-99aa-9803288b56fd"]
[Result "0-1"]

1. e4 { [%clk 0:10:00] } e5 { [%clk 0:09:58] } 2. Bc4 { [%clk 0:09:58] } Nf6 {
[%clk 0:09:59] } 3. Qf3 { [%clk 0:09:55] } Bb4 { [%clk 0:10:01] } 4. c3 { [%clk
0:09:41] } O-O { [%clk 0:10:01] } 5. cxb4 { [%clk 0:09:36] } Na6 { [%clk
0:09:58] } 6. Qd1 { [%clk 0:09:39] } Nxb4 { [%clk 0:09:57] } 7. a3 { [%clk
0:09:33] } Nc2+ { [%clk 0:09:00] } 8. Qxc2 { [%clk 0:09:28] } Nxe4 { [%clk
0:08:57] } 9. Qxe4 { [%clk 0:09:25] } d6 { [%clk 0:08:41] } 10. Kd1 { [%clk
0:09:28] } Bg4+ { [%clk 0:08:39] } 11. Qxg4 { [%clk 0:09:16] } e4 { [%clk
0:08:38] } 12. Qxe4 { [%clk 0:09:16] } h6 { [%clk 0:08:03] } 13. g4 { [%clk
0:09:11] } d5 { [%clk 0:07:59] } 14. Bxd5 { [%clk 0:09:09] } c5 { [%clk
0:07:45] } 15. h3 { [%clk 0:09:03] } Re8 { [%clk 0:07:23] } 16. Qc4 { [%clk
0:08:58] } Rc8 { [%clk 0:07:17] } 17. h4 { [%clk 0:08:54] } Re5 { [%clk
0:07:07] } 18. Be6 { [%clk 0:08:40] } Rxe6 { [%clk 0:07:05] } 19. g5 { [%clk
0:08:34] } b6 { [%clk 0:06:45] } 20. Qd3 { [%clk 0:08:34] } Qe8 { [%clk
0:06:34] } 21. gxh6 { [%clk 0:08:26] } Re1+ { [%clk 0:06:33] } 22. Kc2 { [%clk
0:08:23] } Rd8 { [%clk 0:06:27] } 23. Qc3 { [%clk 0:08:16] } f6 { [%clk
0:05:58] } 24. Nf3 { [%clk 0:07:50] } Rxh1 { [%clk 0:05:54] } 25. Ra2 { [%clk
0:07:39] } Qa4+ { [%clk 0:05:42] } 26. b3 { [%clk 0:07:36] } Qe4+ { [%clk
0:05:11] } 27. d3 { [%clk 0:07:24] } Qxf3 { [%clk 0:05:07] } 28. Nd2 { [%clk
0:06:48] } Qd1+ { [%clk 0:04:57] } 29. Kb1 { [%clk 0:06:45] } Qxc1+ { [%clk
0:04:45] } 30. Qxc1 { [%clk 0:06:38] } Rxc1+ { [%clk 0:04:44] } 31. Kxc1 {
[%clk 0:06:37] } Rxd3 { [%clk 0:04:43] } 32. Kc2 { [%clk 0:06:34] } Rh3 { [%clk
0:04:40] } 33. b4 { [%clk 0:06:28] } gxh6 { [%clk 0:04:36] } 34. bxc5 { [%clk
0:06:28] } bxc5 { [%clk 0:04:37] } 35. a4 { [%clk 0:06:28] } Rxh4 { [%clk
0:04:36] } 36. a5 { [%clk 0:06:26] } c4 { [%clk 0:04:34] } 37. Ra3 { [%clk
0:06:16] } Rh2 { [%clk 0:04:34] } 38. a6 { [%clk 0:06:13] } Rxf2 { [%clk
0:04:34] } 39. Rc3 { [%clk 0:05:53] } h5 { [%clk 0:04:27] } 40. Rxc4 { [%clk
0:05:40] } Rh2 { [%clk 0:04:25] } 41. Rc7 { [%clk 0:05:37] } h4 { [%clk
0:04:19] } 42. Rxa7 { [%clk 0:05:36] } h3 { [%clk 0:04:18] } 43. Ra8+ { [%clk
0:05:36] } Kg7 { [%clk 0:04:18] } 44. Rc8 { [%clk 0:05:33] } Re2 { [%clk
0:04:10] } 45. Rc7+ { [%clk 0:05:25] } Kg6 { [%clk 0:04:11] } 46. a7 { [%clk
0:05:24] } Re8 { [%clk 0:04:10] } 47. Rc6 { [%clk 0:05:13] } h2 { [%clk
0:04:09] } 48. Ra6 { [%clk 0:04:58] } h1=Q { [%clk 0:04:09] } 49. a8=Q { [%clk
0:04:55] } Rxa8 { [%clk 0:04:06] } 50. Rxa8 { [%clk 0:04:54] } Qxa8 { [%clk
0:04:07] } 51. Nc4 { [%clk 0:04:53] } f5 { [%clk 0:04:07] } 52. Kd3 { [%clk
0:04:54] } f4 { [%clk 0:04:08] } 53. Nd2 { [%clk 0:04:51] } Qa3+ { [%clk
0:03:56] } 54. Ke2 { [%clk 0:04:46] } Kg5 { [%clk 0:03:49] } 55. Ne4+ { [%clk
0:04:25] } Kf5 { [%clk 0:03:44] } 56. Nd6+ { [%clk 0:04:19] } Kg4 { [%clk
0:03:40] } 57. Ne4 { [%clk 0:04:15] } f3+ { [%clk 0:03:39] } 58. Kd2 { [%clk
0:04:12] } Kf4 { [%clk 0:03:38] } 59. Nc3 { [%clk 0:04:07] } f2 { [%clk
0:03:38] } 60. Nd1 { [%clk 0:03:56] } f1=Q { [%clk 0:03:30] } 61. Kc2 { [%clk
0:03:48] } Qfd3# { [%clk 0:03:27] } 0-1

[Event "Королевский Гамбит. Южный Федеральный округ."]
[Date "2025-11-21"]
[Round "6.4"]
[Board "4"]
[White "Полина Сурова"]
[WhiteElo "1014"]
[Black "Мещанская Полина"]
[BlackElo "1001"]
[WebSite "https://www.chessopen.ru"]
[GameId "93469041-5f96-4267-8dc9-95c42576a442"]
[Result "1/2-1/2"]

1. d4 { [%clk 0:09:59] } d6 { [%clk 0:09:44] } 2. Bf4 { [%clk 0:09:59] } e5 {
[%clk 0:09:41] } 3. dxe5 { [%clk 0:09:58] } dxe5 { [%clk 0:09:42] } 4. Qxd8+ {
[%clk 0:09:59] } Kxd8 { [%clk 0:09:38] } 5. Bxe5 { [%clk 0:10:01] } Nc6 { [%clk
0:09:30] } 6. Bf4 { [%clk 0:09:59] } Nd4 { [%clk 0:09:27] } 7. Na3 { [%clk
0:09:54] } Bxa3 { [%clk 0:09:26] } 8. bxa3 { [%clk 0:09:40] } Nxc2+ { [%clk
0:09:26] } 9. Kd2 { [%clk 0:09:40] } Nxa1 { [%clk 0:09:25] } 10. Be5 { [%clk
0:09:41] } f6 { [%clk 0:09:12] } 11. Bxa1 { [%clk 0:09:42] } Ne7 { [%clk
0:09:06] } 12. e3 { [%clk 0:09:29] } Bf5 { [%clk 0:08:39] } 13. Nf3 { [%clk
0:09:29] } c6 { [%clk 0:08:37] } 14. Bd3 { [%clk 0:09:29] } Kc7 { [%clk
0:08:37] } 15. Bxf5 { [%clk 0:09:20] } 1/2-1/2

[Event "Королевский Гамбит. Южный Федеральный округ."]
[Date "2025-11-21"]
[Round "6.5"]
[Board "5"]
[White "Zaharov Makar"]
[WhiteElo "962"]
[Black "Гусаков Тимофей"]
[BlackElo "991"]
[WebSite "https://www.chessopen.ru"]
[GameId "84da5ccf-71d1-49f7-8448-ac653ca4a1c9"]
[Result "1-0"]

1. e4 { [%clk 0:09:58] } e5 { [%clk 0:09:59] } 2. Bc4 { [%clk 0:09:57] } Nc6 {
[%clk 0:09:55] } 3. Nc3 { [%clk 0:09:58] } Nf6 { [%clk 0:09:55] } 4. Nf3 {
[%clk 0:09:59] } Nxe4 { [%clk 0:09:52] } 5. Nxe4 { [%clk 0:09:56] } d5 { [%clk
0:09:52] } 6. Bd3 { [%clk 0:09:57] } dxe4 { [%clk 0:09:52] } 7. Bxe4 { [%clk
0:09:53] } Bg4 { [%clk 0:09:51] } 8. d3 { [%clk 0:09:49] } Nd4 { [%clk 0:09:46]
} 9. c3 { [%clk 0:09:44] } Nxf3+ { [%clk 0:09:47] } 10. Bxf3 { [%clk 0:09:41] }
Bxf3 { [%clk 0:09:46] } 11. Qxf3 { [%clk 0:09:43] } Bd6 { [%clk 0:09:38] } 12.
Qxb7 { [%clk 0:09:43] } O-O { [%clk 0:09:37] } 13. d4 { [%clk 0:09:24] } Re8 {
[%clk 0:09:36] } 14. dxe5 { [%clk 0:09:06] } Rxe5+ { [%clk 0:09:36] } 15. Be3 {
[%clk 0:09:03] } Rb8 { [%clk 0:09:25] } 16. Qxa7 { [%clk 0:08:51] } h6 { [%clk
0:08:52] } 17. O-O-O { [%clk 0:08:42] } Ra8 { [%clk 0:08:43] } 18. Qb7 { [%clk
0:08:34] } Rxa2 { [%clk 0:08:43] } 19. Bf4 { [%clk 0:08:10] } Ra1+ { [%clk
0:08:39] } 20. Kc2 { [%clk 0:08:10] } Re2+ { [%clk 0:08:40] } 21. Kb3 { [%clk
0:08:02] } Bxf4 { [%clk 0:08:38] } 22. Rxd8+ { [%clk 0:07:53] } Kh7 { [%clk
0:08:36] } 23. Rxa1 { [%clk 0:07:16] } Rxf2 { [%clk 0:08:28] } 24. g3 { [%clk
0:06:49] } f5 { [%clk 0:08:18] } 25. gxf4 { [%clk 0:06:35] } g5 { [%clk
0:08:18] } 26. fxg5 { [%clk 0:06:35] } hxg5 { [%clk 0:08:19] } 27. Qxc7+ {
[%clk 0:06:34] } Kh6 { [%clk 0:08:19] } 28. Rd6+ { [%clk 0:06:35] } Kh5 { [%clk
0:08:19] } 29. Qc5 { [%clk 0:06:32] } f4 { [%clk 0:08:22] } 30. Qxf2 { [%clk
0:06:33] } f3 { [%clk 0:08:23] } 31. Qxf3+ { [%clk 0:06:34] } g4 { [%clk
0:08:25] } 32. Rd5+ { [%clk 0:06:32] } Kh6 { [%clk 0:08:21] } 33. Qxg4 { [%clk
0:06:33] } Kh7 { [%clk 0:08:21] } 34. Qe6 { [%clk 0:06:34] } Kg7 { [%clk
0:08:21] } 35. Ra7+ { [%clk 0:06:35] } Kh8 { [%clk 0:08:19] } 1-0

[Event "Королевский Гамбит. Южный Федеральный округ."]
[Date "2025-11-21"]
[Round "6.5"]
[Board "5"]
[White "Гончаров Дмитрий"]
[WhiteElo "998"]
[Black "Бажин Радомир"]
[BlackElo "1038"]
[WebSite "https://www.chessopen.ru"]
[GameId "0f9d80e0-0854-4692-bd6f-1bf7324a697f"]
[Result "0-1"]

1. e4 { [%clk 0:09:59] } e5 { [%clk 0:10:00] } 2. Nf3 { [%clk 0:10:01] } Nc6 {
[%clk 0:10:01] } 3. Bc4 { [%clk 0:10:02] } Bc5 { [%clk 0:09:58] } 4. Nc3 {
[%clk 0:10:02] } Nf6 { [%clk 0:09:59] } 5. d3 { [%clk 0:10:04] } h6 { [%clk
0:09:58] } 6. a3 { [%clk 0:10:05] } O-O { [%clk 0:09:57] } 7. b4 { [%clk
0:10:06] } Bb6 { [%clk 0:09:59] } 8. Bb2 { [%clk 0:10:08] } d6 { [%clk 0:09:58]
} 9. h3 { [%clk 0:10:09] } Be6 { [%clk 0:09:57] } 10. Nd5 { [%clk 0:10:10] }
Bxd5 { [%clk 0:09:57] } 11. exd5 { [%clk 0:10:11] } Nd4 { [%clk 0:09:58] } 12.
Nxd4 { [%clk 0:10:12] } Bxd4 { [%clk 0:09:59] } 13. Bxd4 { [%clk 0:10:13] }
exd4 { [%clk 0:10:01] } 14. O-O { [%clk 0:10:11] } c6 { [%clk 0:10:02] } 15.
dxc6 { [%clk 0:10:10] } bxc6 { [%clk 0:10:04] } 16. Re1 { [%clk 0:10:12] } d5 {
[%clk 0:10:03] } 17. Bb3 { [%clk 0:10:13] } Qd6 { [%clk 0:09:59] } 18. Qf3 {
[%clk 0:10:11] } Rae8 { [%clk 0:09:58] } 19. Kf1 { [%clk 0:09:57] } Qh2 { [%clk
0:09:57] } 20. g3 { [%clk 0:09:55] } Qxh3+ { [%clk 0:09:53] } 21. Kg1 { [%clk
0:09:42] } Qd7 { [%clk 0:08:51] } 22. Kg2 { [%clk 0:09:29] } Re6 { [%clk
0:08:36] } 23. Re2 { [%clk 0:09:22] } Nh7 { [%clk 0:08:23] } 24. Rh1 { [%clk
0:09:10] } Ng5 { [%clk 0:08:21] } 25. Qg4 { [%clk 0:09:05] } f5 { [%clk
0:08:01] } 26. Qh5 { [%clk 0:08:51] } Rxe2 { [%clk 0:07:40] } 27. Qxe2 { [%clk
0:08:50] } f4 { [%clk 0:07:27] } 28. gxf4 { [%clk 0:08:32] } Rxf4 { [%clk
0:07:19] } 29. Qe5 { [%clk 0:08:29] } Qg4+ { [%clk 0:07:17] } 30. Kf1 { [%clk
0:08:26] } Qd1+ { [%clk 0:07:10] } 31. Qe1 { [%clk 0:08:20] } Qf3 { [%clk
0:06:45] } 32. Rg1 { [%clk 0:08:07] } Qh3+ { [%clk 0:06:33] } 33. Ke2 { [%clk
0:07:48] } Qe6+ { [%clk 0:06:27] } 34. Kf1 { [%clk 0:07:39] } Qxe1+ { [%clk
0:06:26] } 35. Kxe1 { [%clk 0:07:39] } Nf3+ { [%clk 0:06:25] } 36. Kf1 { [%clk
0:07:40] } Nxg1 { [%clk 0:06:25] } 37. Kxg1 { [%clk 0:07:42] } g5 { [%clk
0:06:26] } 38. a4 { [%clk 0:07:42] } a6 { [%clk 0:06:25] } 39. b5 { [%clk
0:07:42] } axb5 { [%clk 0:06:25] } 40. axb5 { [%clk 0:07:41] } cxb5 { [%clk
0:06:27] } 41. Bxd5+ { [%clk 0:07:43] } Kg7 { [%clk 0:06:29] } 42. Bc6 { [%clk
0:07:43] } b4 { [%clk 0:06:30] } 43. Bd5 { [%clk 0:07:43] } h5 { [%clk 0:06:30]
} 44. Kg2 { [%clk 0:07:27] } Kh6 { [%clk 0:06:25] } 45. f3 { [%clk 0:07:27] }
h4 { [%clk 0:06:25] } 46. Be6 { [%clk 0:07:23] } Kh5 { [%clk 0:06:22] } 47. Bd7
{ [%clk 0:07:21] } Rf7 { [%clk 0:06:16] } 48. Be6 { [%clk 0:07:18] } Rc7 {
[%clk 0:06:16] } 49. Bb3 { [%clk 0:07:17] } Kg6 { [%clk 0:06:13] } 50. Kh3 {
[%clk 0:07:11] } Kf5 { [%clk 0:06:13] } 51. Kg2 { [%clk 0:07:04] } Kf4 { [%clk
0:06:13] } 52. Kf2 { [%clk 0:07:00] } h3 { [%clk 0:05:53] } 53. Ba4 { [%clk
0:06:57] } Rh7 { [%clk 0:05:43] } 54. Kg1 { [%clk 0:06:47] } Kxf3 { [%clk
0:05:41] } 55. Bc6+ { [%clk 0:06:48] } Kg3 { [%clk 0:05:34] } 56. Bh1 { [%clk
0:06:47] } g4 { [%clk 0:05:11] } 57. Be4 { [%clk 0:06:42] } Rf7 { [%clk
0:05:10] } 58. Bd5 { [%clk 0:06:37] } h2+ { [%clk 0:05:10] } 59. Kh1 { [%clk
0:06:36] } Rf1# { [%clk 0:05:12] } 0-1

[Event "Королевский Гамбит. Южный Федеральный округ."]
[Date "2025-11-21"]
[Round "6.5"]
[Board "5"]
[White "Замковой Артём"]
[WhiteElo "982"]
[Black "Харлов Егор"]
[BlackElo "1009"]
[WebSite "https://www.chessopen.ru"]
[GameId "f64c36c3-e2df-4b4e-9921-258510b41199"]
[Result "1-0"]

1. e4 { [%clk 0:10:01] } e5 { [%clk 0:10:00] } 2. Nf3 { [%clk 0:10:03] } Nc6 {
[%clk 0:10:00] } 3. Bc4 { [%clk 0:10:04] } Nf6 { [%clk 0:10:00] } 4. Nc3 {
[%clk 0:10:05] } Bb4 { [%clk 0:09:58] } 5. a3 { [%clk 0:10:03] } Bc5 { [%clk
0:09:57] } 6. d3 { [%clk 0:09:56] } O-O { [%clk 0:09:54] } 7. Bg5 { [%clk
0:09:57] } h6 { [%clk 0:09:49] } 8. Bh4 { [%clk 0:09:58] } d6 { [%clk 0:09:22]
} 9. h3 { [%clk 0:09:57] } Qe7 { [%clk 0:09:17] } 10. O-O { [%clk 0:09:51] } a6
{ [%clk 0:08:54] } 11. a4 { [%clk 0:09:50] } Qd8 { [%clk 0:08:53] } 12. Re1 {
[%clk 0:09:43] } g5 { [%clk 0:08:51] } 13. Nxg5 { [%clk 0:09:30] } hxg5 { [%clk
0:08:51] } 14. Bxg5 { [%clk 0:09:29] } Kh7 { [%clk 0:08:49] } 15. Qf3 { [%clk
0:09:07] } Rg8 { [%clk 0:08:19] } 16. Bxf6 { [%clk 0:08:38] } Qd7 { [%clk
0:08:05] } 17. Qh5# { [%clk 0:08:30] } 1-0